Petróleo rentismo y subdesarrollo: ¿una maldición sin solución? /
Los países ricos en recursos naturales no son los más desarrollados . Podrán tener grandes ingresos o un más alto PIB per cápita, pero casi siempre carecen de instituciones sólidas y niveles de vida adecuados para la toda la población. Para evitar esta circunstancia, el artículo propone incluir la p...
Na minha lista:
| Autor principal: | |
|---|---|
| Outros Autores: | |
| Formato: | Texto |
| Assuntos: | |
| Tags: |
Adicionar Tag
Sem tags, seja o primeiro a adicionar uma tag!
|
MARC
| LEADER | 00000 a a2200000 04500 | ||
|---|---|---|---|
| 001 | 10820 | ||
| 003 | |||
| 040 | |||
| 100 | |a Schuldt, Jürgen | ||
| 245 | |a Petróleo rentismo y subdesarrollo: |b ¿una maldición sin solución? / |c Jürgen Schuldt ; Alberto Acosta | ||
| 500 | |a Resumen también en inglés páginas 205 | ||
| 520 | |a Los países ricos en recursos naturales no son los más desarrollados . Podrán tener grandes ingresos o un más alto PIB per cápita, pero casi siempre carecen de instituciones sólidas y niveles de vida adecuados para la toda la población. Para evitar esta circunstancia, el artículo propone incluir la política energética dentro de una estrategia más amplia de desarrollo autónomo | ||
| 650 | |a PAISES EXPORTADORES DE PETROLEO | ||
| 650 | |a GAS PETROLIFERO LICUADO | ||
| 650 | |a OBSTACULOS AL DESARROLLO | ||
| 650 | |a POLITICA ENERGETICA | ||
| 650 | |a AMERICA LATINA | ||
| 700 | |a Acosta, Alberto | ||
| 773 | |g número 204; páginas 71-89 | ||
| 999 | |c 32736 |d 32736 | ||
